000 00674nam a22002417a 4500
003 UA-OsUOA
001 23144
007 ta
008 20040113b un ||||| |||| 00| 0 ukr d
090 _a261.8(477)
_bЕ45
942 _cBK
040 _aUA-OsUOA
_bukr
_cUA-OsUOA
_dUA-OsUOA
245 _aЕкуменізм і проблеми міжконфесійних відносин в Україні
_cРед. А.Колодний П.Яроцький О.Саган
300 _a278 с.
955 _a0
041 _aukr
080 _a261.8(477)
020 _a966-7569-37-3
260 _aКиїв
_bГнозис
_c2001
044 _aUA
650 7 _2UDC
999 _c309387
_d309387